Logo BPK

Biblioteka

Politechniki Koszalińskiej

Fizyczne aspekty trwałości i niezawodności obiektów technicznych / (Rekord nr 16889)

Szczegóły MARC
000 -ETYKIETA REKORDU
podpole kontrolne o stałej długości 01777cam a2200421 i 4500
001 - NUMER KONTROLNY REKORDU
pole kontrolne 16889
003 - IDENTYFIKATOR NUMERU KONTROLNEGO REKORDU
podpole kontrolne KOSZ 005
005 - DATA OSTATNIEJ MODYFIKACJI REKORDU
podpole kontrolne 20201216115119.0
008 - POLE O STAŁEJ DŁUGOŚCI - DANE KONTROLNE
podpole kontrolne o stałej długości 040519s1976 pl a f |000 0 pol
015 ## - NUMER BIBLIOGRAFII NARODOWEJ
Numer bibliografii narodowej PB 1976/7621
040 ## - ŹRÓDŁO KATALOGOWANIA
Instytucja, która utworzyła rekord WA N
Instytucja, która sporządziła opis WA N
Instytucja, która dokonała modyfikacji KOSZ 005/HR
041 0# - KOD JĘZYKA
Kod języka tekstu pol
046 ## - DATY KODOWANE
Pojedyncza data lub początek okresu powstania dzieła lub zbioru dzieł 1976
080 ## - UNIWERSALNA KLASYFIKACJA DZIESIĘTNA - UKD
UKD 620.1
080 ## - UNIWERSALNA KLASYFIKACJA DZIESIĘTNA - UKD
UKD 658.56
080 ## - UNIWERSALNA KLASYFIKACJA DZIESIĘTNA - UKD
UKD 62-192
245 00 - TYTUŁ/ODPOWIEDZIALNOŚĆ
Tytuł Fizyczne aspekty trwałości i niezawodności obiektów technicznych /
Pozostałe elementy strefy tytułu i oznaczenia odpowiedzialności red. nauk. Stefan Ziemba ; Polska Akademia Nauk. Instytut Podstawowych Problemów Techniki.
260 ## - STREFA ADRESU WYDAWNICZEGO
Miejsce wydania Warszawa ;
-- Poznań :
Nazwa wydawcy/dystrybutora Państ. Wydaw. Nauk.,
Data publikacji, dystrybucji/powstania dokumentu 1976.
300 ## - STREFA OPISU FIZYCZNEGO
Objętość 212 s. :
Inne cechy fizyczne il., tab., wykr. ;
Rozmiary 24 cm.
336 ## - TYP ZAWARTOŚCI
Źródło (terminu i kodu) rdacontent
Termin opisujący typ zawartości Tekst
Kod określający zawartość txt
337 ## - TYP MEDIÓW
Źródło (terminu i kodu) rdamedia
Tryb odtwarzania Bez urządzenia pośredniczącego
Kod typu mediów n
338 ## - TYP/RODZAJ NOŚNIKA
Źródło (terminu i kodu) rdacarrier
Hasło opisujące typ nośnika Wolumin
Kod typu nośnika nc
380 ## - FORMA I TYP PUBLIKACJI
Forma i typ publikacji Książki
380 ## - FORMA I TYP PUBLIKACJI
Forma i typ publikacji Publikacje naukowe
388 ## - CZAS POWSTANIA
Czas powstania 1901-2000
388 ## - CZAS POWSTANIA
Czas powstania 1945-1989
501 ## - UWAGA DOTYCZĄCA PRAC WSPÓŁWYDANYCH
Tekst uwagi Zawiera: Cz. 1. Wstęp do fizyki uszkodzeń / Zofia Handzel, S. Ziemba, cz. 2, Metody badania czynników wymuszających i właściwości obiektów technicznych w aspekcie analizy przyczyn uszkodzeń / Janina Filip [et al.].
504 ## - UWAGA DOTYCZĄCA BIBLIOGRAFII
Informacje o bibliografii Bibliogr. przy rozdz.
650 #4 - HASŁO PRZEDMIOTOWE W FORMIE NAZWY OGÓLNEJ LUB JEDNOSTKOWEJ
Nazwa ogólna lub geograficzna Jakość produktu
650 #4 - HASŁO PRZEDMIOTOWE W FORMIE NAZWY OGÓLNEJ LUB JEDNOSTKOWEJ
Nazwa ogólna lub geograficzna Kontrola jakości
650 #4 - HASŁO PRZEDMIOTOWE W FORMIE NAZWY OGÓLNEJ LUB JEDNOSTKOWEJ
Nazwa ogólna lub geograficzna Niezawodność urządzeń
658 ## - TERMIN INDEKSOWY - PRZEDMIOT PROGRAMU NAUCZANIA
Główny przedmiot programu nauczania Inżynieria i technika
700 12 - HASŁO DODATKOWE - NAZWA OSOBOWA
Nazwa osobowa Handzel, Zofia.
Tytuł dzieła Wstęp do fizyki uszkodzeń
700 12 - HASŁO DODATKOWE - NAZWA OSOBOWA
Nazwa osobowa Filip, Janina.
Tytuł dzieła Metody badania czynników wymuszających i właściwości obiektów technicznych w aspekcie analizy przyczyn uszkodzeń
700 1# - HASŁO DODATKOWE - NAZWA OSOBOWA
Nazwa osobowa Ziemba, Stefan
Daty związane z nazwą (1907-1994)
Określenie związku między hasłem a opisywanym materiałem Redakcja
856 ## - LOKALIZACJA I DOSTĘP DO ELEKTRONICZNYCH DOKUMENTÓW ZDALNYCH
Link (URL) http://koha.tu.koszalin.pl/cgi-bin/koha/opac-detail.pl?biblionumber=16889
Tekst linku Katalog online BPK
942 ## - DODATKOWE ELEMENTY (KOHA)
Schemat klasyfikacji Uniwersalna Klasyfikacja Dziesiętna
Typ dokumentu Książka
Egzemplarze
Wycofany Status egzemplarza Uszkodzony Dostępność Lokalizacja stała Lokalizacja bieżąca Miejsce przechowywania Sygnatura Kod kreskowy Typ dokumentu
      Dostępny Biblioteka Politechniki Koszalińskiej Biblioteka Politechniki Koszalińskiej Wypożyczalnia BG 21117 01186178 Książka
      Dostępny Biblioteka Politechniki Koszalińskiej Biblioteka Politechniki Koszalińskiej Wypożyczalnia BG 21118 01694833 Książka
      Dostępny Biblioteka Politechniki Koszalińskiej Biblioteka Politechniki Koszalińskiej Wypożyczalnia BG 21193 01695366 Książka
© 2023 Biblioteka Politechniki Koszalińskiej :: KOHA